ENVIRONMENTAL ENGINEERING WATER SUPPLY ENGINEERING (Record no. 5326)

MARC details
000 -LEADER
fixed length control field 00432nam a22001697a 4500
005 - DATE AND TIME OF LATEST TRANSACTION
control field 20170329172330.0
008 - FIXED-LENGTH DATA ELEMENTS--GENERAL INFORMATION
fixed length control field 170329b xxu||||| |||| 00| 0 eng d
020 ## - INTERNATIONAL STANDARD BOOK NUMBER
ISBN 978-81-318-0703-3
041 ## - LANGUAGE CODE
Language code of text/sound track or separate title eng
082 ## - DEWEY DECIMAL CLASSIFICATION NUMBER
Classification number 628.1
Item number 2
100 ## - MAIN ENTRY--AUTHOR NAME
Personal name PUNMIA,DR B. C
245 ## - TITLE STATEMENT
Title ENVIRONMENTAL ENGINEERING WATER SUPPLY ENGINEERING
260 ## - PUBLICATION, DISTRIBUTION, ETC. (IMPRINT)
Name of publisher LAXHMI PUBLICATION
Year of publication 1995
300 ## - PHYSICAL DESCRIPTION
Number of Pages 584
650 ## - SUBJECT ADDED ENTRY--TOPICAL TERM
Topical Term ENGINEERING
942 ## - ADDED ENTRY ELEMENTS (KOHA)
Koha item type Books
Holdings
Lost status Damaged status Home library Current library Shelving location Date acquired Source of acquisition Cost, normal purchase price Full call number Accession Number Koha item type
    JRU Library   SHELF-6-C 28/03/2017 PURCHASE 395.00 628.1 21471 Books
    JRU Library   SHELF-44-E 28/03/2017 PURCHASE 395.00 628.1 21472 Books